The Swish Of The Cuartain (Record no. 652724)

MARC details
000 -LEADER
fixed length control field 00463nam a2200181Ia 4500
008 - FIXED-LENGTH DATA ELEMENTS--GENERAL INFORMATION
fixed length control field 100917s9999 xx 000 0 und d
082 ## - DEWEY DECIMAL CLASSIFICATION NUMBER
Item number 47330
100 ## - MAIN ENTRY--PERSONAL NAME
Personal name Pamela Brown
245 ## - TITLE STATEMENT
Title The Swish Of The Cuartain
260 ## - PUBLICATION, DISTRIBUTION, ETC. (IMPRINT)
Name of publisher, distributor, etc Brockhampton
Date of publication, distribution, etc 1971
300 ## - PHYSICAL DESCRIPTION
Extent 223
365 ## - TRADE PRICE
Price amount 0
520 ## - SUMMARY, ETC.
Summary, etc बालविभाग
630 ## - SUBJECT ADDED ENTRY--UNIFORM TITLE
Uniform title The Swish Of The Cuartain
650 ## - SUBJECT ADDED ENTRY--TOPICAL TERM
Topical term or geographic name as entry element बालविभाग
730 ## - ADDED ENTRY--UNIFORM TITLE
Uniform title The Swish Of The Cuartain
942 ## - ADDED ENTRY ELEMENTS (KOHA)
Koha item type Book
Holdings
Withdrawn status Lost status Damaged status Not for loan Home library Current library Shelving location Date acquired Cost, normal purchase price Total Checkouts Barcode Date last seen Price effective from Koha item type Public note
        Pune Marathi Grantha Sangrahalaya Pune Marathi Grantha Sangrahalaya   09/17/2010 0.00   PUNMGS-47330 09/17/2010 09/17/2010 Book देवघेव